Города Ивановской области - Statistics

General Stats
  • This quiz has been taken 60 times
  • The average score is 8 of 17
Answer Stats
Население Город % Correct
358 437 Иваново
100%
55 225 Шуя
87%
77 694 Кинешма
81%
1896 Плёс
65%
29 715 Фурманов
52%
14 332 Приволжск
52%
8896 Заволжск
52%
31 305 Тейково
48%
30 694 Вичуга
45%
7899 Юрьевец
42%
5429 Гаврилов Посад
42%
30 940 Кохма
39%
8364 Комсомольск
35%
24 101 Родники
29%
12 957 Южа
26%
8167 Наволоки
26%
6879 Пучеж
26%
No matching quizzes found
Score Distribution
Percent of People with Each Score
Percentile by Number Answered
Your Score History
You have not taken this quiz